Statistics for Former Countries of the Soviet Union

Click here to take the quiz!

General Stats

  • This quiz has been taken 29 times
  • The average score is 14 of 15

Answer Stats

HintAnswer% Correct
GGeorgia
100%
LLatvia
100%
LLithuania
100%
RRussia
100%
UUkraine
100%
AAzerbaijan
96%
BBelarus
96%
EEstonia
96%
KKazakhstan
96%
MMoldova
96%
AArmenia
93%
TTajikistan
93%
UUzbekistan
93%
TTurkmenistan
89%
KKyrgyzstan
81%

Score Distribution

Percentile by Number Answered

Percent of People with Each Score

Your Score History

You have not taken this quiz